Obchody s tovarom v rámci Európskej únie a tretích štátov a daň z pridanej hodnoty

EÚ je voči okolitému svetu jednotným colným územím. Každý dovoz tovaru z tretej krajiny do EÚ je preclený podľa pravidiel. Neexistencia hraničných kontrol a colného konania medzi členskými štátmi EÚ si vyžaduje vedenie daňovej a štatistickej evidencie, v rámci ktorých dochádza k pravidelnému hláseni...

Description complète

Enregistré dans:
Détails bibliographiques
Auteur principal: Rakovská, Jana
Format: Chapitre de livre
Langue:slovaque
Sujets:
Tags: Ajouter un tag
Pas de tags, Soyez le premier à ajouter un tag!

MARC

LEADER 00000naa$a2200000$$$4500
001 0051453
005 20231106072442.3
041 0 |a slo 
044 |a SK 
245 1 0 |a Obchody s tovarom v rámci Európskej únie a tretích štátov a daň z pridanej hodnoty  |c Jana Rakovská 
520 |a EÚ je voči okolitému svetu jednotným colným územím. Každý dovoz tovaru z tretej krajiny do EÚ je preclený podľa pravidiel. Neexistencia hraničných kontrol a colného konania medzi členskými štátmi EÚ si vyžaduje vedenie daňovej a štatistickej evidencie, v rámci ktorých dochádza k pravidelnému hláseniu cezhraničných tovarových transakcií. Príspevok je zameraný na tovarové obchody z hľadiska DPH, je rozdelený na 5 častí. V 1. časti autorka popisuje dodanie tovaru, vylúčenie z predmetu dane, uskutočnenie dodania tovaru, základ dane, miesto dodania tovaru, miesto dovozu tovaru. 
610 2 0 |a tovar 
610 2 0 |a obchod 
610 2 0 |a Európska únia 
610 2 0 |a dane z hodnoty pridanej 
100 1 |a Rakovská, Jana